| 000 | 00454nam a22001457a 4500 | ||
|---|---|---|---|
| 008 | 150526b xxu||||| |||| 00| 0 eng d | ||
| 080 | _2343.983 | ||
| 082 | 0 | 0 | _2343.983 |
| 100 | _aHinkle, Deborah | ||
| 245 |
_aMicrosoft Office Word 2007 : _cDeborah Hinkle. |
||
| 260 |
_aBoston : _bMcGraw-Hill, _cc2008. |
||
| 300 |
_a847 f. _bme il.; _c28 cm |
||
| 856 | 4 | 1 | _uhttp://www.loc.gov/catdir/toc/ecip0714/2007012662.html |
| 942 |
_2udc _cBK |
||
| 999 |
_c900 _d900 |
||